<?xml version="1.0" encoding="UTF-8"?>
<record
    xmlns:xsi="http://www.w3.org/2001/XMLSchema-instance"
    xsi:schemaLocation="http://www.loc.gov/MARC21/slim http://www.loc.gov/standards/marcxml/schema/MARC21slim.xsd"
    xmlns="http://www.loc.gov/MARC21/slim">

  <leader>01637nam a22003017a 4500</leader>
  <controlfield tag="003">DO-SdBNP</controlfield>
  <controlfield tag="005">20210830132231.0</controlfield>
  <controlfield tag="007">ta</controlfield>
  <controlfield tag="008">210702e2018    dr ||||gr|||| 00| e spa d</controlfield>
  <datafield tag="020" ind1=" " ind2=" ">
    <subfield code="a">9789945899641</subfield>
  </datafield>
  <datafield tag="040" ind1=" " ind2=" ">
    <subfield code="a">DO-SdBNP</subfield>
    <subfield code="b">spa</subfield>
    <subfield code="c">BPMSU</subfield>
  </datafield>
  <datafield tag="041" ind1=" " ind2=" ">
    <subfield code="h">spa</subfield>
  </datafield>
  <datafield tag="082" ind1=" " ind2="4">
    <subfield code="a">342.7293</subfield>
    <subfield code="b">V156d 2018</subfield>
    <subfield code="2">22</subfield>
  </datafield>
  <datafield tag="100" ind1="1" ind2=" ">
    <subfield code="a">Valent&#xED;n Jimini&#xE1;n, Julio C&#xE9;sar</subfield>
  </datafield>
  <datafield tag="245" ind1="1" ind2="0">
    <subfield code="a">Dimensiones liberales y progresistas de la constituci&#xF3;n de 1963 / </subfield>
    <subfield code="c">Julio C&#xE9;sar Valent&#xED;n Jimini&#xE1;n</subfield>
  </datafield>
  <datafield tag="250" ind1=" " ind2=" ">
    <subfield code="a">2a.ed.</subfield>
  </datafield>
  <datafield tag="260" ind1=" " ind2=" ">
    <subfield code="a">Santo Domingo :</subfield>
    <subfield code="b">Alfa y Omega,</subfield>
    <subfield code="c">2018</subfield>
  </datafield>
  <datafield tag="300" ind1=" " ind2=" ">
    <subfield code="a">311 p. :</subfield>
    <subfield code="c">23 cm</subfield>
  </datafield>
  <datafield tag="500" ind1=" " ind2=" ">
    <subfield code="a">Incluye datos biogr&#xE1;ficos  del autor en la solapa de la cubierta </subfield>
  </datafield>
  <datafield tag="500" ind1=" " ind2=" ">
    <subfield code="a">Incluye &#xED;ndice onom&#xE1;stico</subfield>
  </datafield>
  <datafield tag="504" ind1=" " ind2=" ">
    <subfield code="a">Bibliograf&#xED;a, p. 197 - 211</subfield>
  </datafield>
  <datafield tag="505" ind1="0" ind2=" ">
    <subfield code="t">Dedicatoria.--</subfield>
    <subfield code="t">Julio C&#xE9;sar Valent&#xED;n y la Constituci&#xF3;n de Bosch.--</subfield>
    <subfield code="t">Notas del autor.--</subfield>
    <subfield code="t">A modo de introducci&#xF3;n.--</subfield>
    <subfield code="t">I. Liberalismo, Constituci&#xF3;n y progreso.--</subfield>
    <subfield code="t">II. Notas dominantes del constitucionalismo dominicano.--</subfield>
    <subfield code="t">III. Aspiraciones liberales y progresistas del triunfo de Bosch.--</subfield>
    <subfield code="t">IV. Matices progresistas de la Carta Magna de 1963. De los enunciados a los hechos concretos. Constitucionalismo social y otros contenidos progresistas: manzana de la discordia. El trabajo,  los trabajadores y los excluidos. La familia, la educaci&#xF3;n y la salud. La propiedad y la econom&#xED;a social. </subfield>
    <subfield code="t">V. Legado democr&#xE1;tico e hist&#xF3;rico del constitucionalismo de 1963.--</subfield>
  </datafield>
  <datafield tag="590" ind1=" " ind2=" ">
    <subfield code="a">Inventariado 2021/VM</subfield>
  </datafield>
  <datafield tag="610" ind1="1" ind2="0">
    <subfield code="a">Rep&#xFA;blica Dominicana.</subfield>
    <subfield code="t">Constituci&#xF3;n (1963)</subfield>
  </datafield>
  <datafield tag="651" ind1=" " ind2="4">
    <subfield code="a">Rep&#xFA;blica Dominicana</subfield>
    <subfield code="x">Derecho constitucional</subfield>
  </datafield>
  <datafield tag="910" ind1=" " ind2=" ">
    <subfield code="a">VMateo V. </subfield>
  </datafield>
  <datafield tag="942" ind1=" " ind2=" ">
    <subfield code="2">ddc</subfield>
    <subfield code="c">BK</subfield>
  </datafield>
  <datafield tag="952" ind1=" " ind2=" ">
    <subfield code="0">0</subfield>
    <subfield code="1">0</subfield>
    <subfield code="2">ddc</subfield>
    <subfield code="4">0</subfield>
    <subfield code="7">0</subfield>
    <subfield code="8">CD</subfield>
    <subfield code="a">BPMET</subfield>
    <subfield code="b">BPMET</subfield>
    <subfield code="d">2021-08-30</subfield>
    <subfield code="e">BNPHU</subfield>
    <subfield code="l">0</subfield>
    <subfield code="o">BPMSU CD 342.7293 V156d 2018</subfield>
    <subfield code="p">BPMSU21080104</subfield>
    <subfield code="r">2021-08-30</subfield>
    <subfield code="w">2021-08-30</subfield>
    <subfield code="y">BK</subfield>
  </datafield>
  <datafield tag="952" ind1=" " ind2=" ">
    <subfield code="0">0</subfield>
    <subfield code="1">0</subfield>
    <subfield code="2">ddc</subfield>
    <subfield code="4">0</subfield>
    <subfield code="7">0</subfield>
    <subfield code="8">CD</subfield>
    <subfield code="a">BPMET</subfield>
    <subfield code="b">BPMET</subfield>
    <subfield code="d">2021-08-30</subfield>
    <subfield code="e">BNPHU</subfield>
    <subfield code="l">0</subfield>
    <subfield code="o">BPMSU CD 342.7293 V156d 2018</subfield>
    <subfield code="p">BPMSU21080105</subfield>
    <subfield code="r">2021-08-30</subfield>
    <subfield code="t">e.2</subfield>
    <subfield code="w">2021-08-30</subfield>
    <subfield code="y">BK</subfield>
  </datafield>
  <datafield tag="999" ind1=" " ind2=" ">
    <subfield code="c">13690</subfield>
    <subfield code="d">13690</subfield>
  </datafield>
</record>
